Представление документа в формате MARC21

ПолеНазваниеЗначение
  Тип записи a
  Библиографический уровень m
001 Контрольный номер RU\infra-m\znanium\bibl\2231753
005 Дата корректировки 20260429142237.4
008 Кодируемые данные 251230s2025 RU g rus u
020 Индекс ISBN __
a ISBN 978-5-16-021604-1
020 Индекс ISBN __
a ISBN 978-5-16-106014-8 (электр. издание)
040 Источник каталогиз. __
a Служба первич. каталог. Общество с ограниченной ответственностью «ЗНАНИУМ»
041 Код языка издания __
a Код языка текста rus
044 Код страны публикации __
a Код страны публикации RU
080 Индекс УДК __
a Индекс УДК 882(075.4)
084 Индекс другой классификации/Индекс ББК __
2 Источник индекса rubbk
a Индекс другой классификации/Индекс ББК 83.3(2Рос=Рус)6
084 Индекс другой классификации/Индекс ББК __
2 Источник индекса okso
a Индекс другой классификации/Индекс ББК 41.03.06
084 Индекс другой классификации/Индекс ББК __
2 Источник индекса okso
a Индекс другой классификации/Индекс ББК 42.03.02
084 Индекс другой классификации/Индекс ББК __
2 Источник индекса okso
a Индекс другой классификации/Индекс ББК 42.03.03
084 Индекс другой классификации/Индекс ББК __
2 Источник индекса okso
a Индекс другой классификации/Индекс ББК 42.03.04
084 Индекс другой классификации/Индекс ББК __
2 Источник индекса okso
a Индекс другой классификации/Индекс ББК 45.03.01
100 Автор __
a Автор Шкурат Л.С.
q Полное имя Шкурат Лилия Сергеевна
u Дополнение Липецкий государственный педагогический университет им. П.П. Семенова-Тян-Шанского
245 Заглавие __
a Заглавие Ю.В. Бондарев: творческая эволюция писателя
b Продолж. заглавия Монография
c Ответственность Липецкий государственный педагогический университет им. П.П. Семенова-Тян-Шанского
250 Сведения об издании __
g стереотип.
a Основные сведения об издании 2
260 Выходные данные __
a Место издания Москва
b Издательство ООО "Научно-издательский центр ИНФРА-М"
c Дата издания 2026
300 Физическое описание __
a Объем 252 с.
440 Серия __
a Серия Научная мысль
520 Аннотация __
a Аннотация В монографии представлены многоаспектный анализ периодизация и эволюция творческого пути Ю.В. Бондарева а также проясняются философско-мировоззренческие основы творчества писателя. Книга адресована специалистам-филологам преподавателям аспирантам студентам гуманитарных факультетов вузов учителям-словесникам а также всем кто интересуется прозой о Великой Отечественной войне и проблемами отечественной словесности.
521 Примеч. о цел. назн. __
a Примеч. о целев. назн. Дополнительное профессиональное образование
650 Тематические рубрики __
a Основная рубрика Филологические науки
x Основная подрубрика Литературоведение. Фольклористика
655 Указ. предметных рубрик (устаревшее) __
a Жанр/ форма (устаревшее) Монография
856 Электронный адрес документа 4_
a Имя сервера/домена znanium.ru
m Помощь ebs_support@infra-m.ru
n Местонахождение сервера НИЦ ИНФРА-М
u URL https://znanium.ru/catalog/document?id=475989
856 Электронный адрес документа 48
a Имя сервера/домена znanium.ru
d Путь /cover/2231
f Электронное имя 2231753.jpg
q Тип электронного формата image/jpeg
u URL https://znanium.ru/cover/2231/2231753.jpg
911 __
u 0030=https://znanium.ru/catalog/document?id=475989